000 00607nam a22002057a 4500
003 DO-CoUTE
005 20260521132159.0
008 260521b dr ||||| |||| 00| 0 spa d
022 _a978-9972-08-289-4
040 _aDO-CoUTE
_bspa
_cDO-CoUTE
082 _a822.33s52702010
100 1 _aShakespeare, William
_eAutor
245 1 0 _aOTELO /
_cWilliam Shakespeare
260 _aLima
_bChirre S.a
_c2005
300 _a80 Paginas :
_c18cm,
504 _aIncluye referencia bibliográfica e índice.
650 4 _aCuentos
700 1 _aWilliam Shakespeare
_eAutor
942 _2ddc
_cBK
999 _c24214
_d24214